00519 a2200133 4500003000500000005001700005040000900022082001400031100001700045245005100062260003500113300001600148505022100164Nust20230224121145.0 cNust a158.1,CAR adick Carlson aHow to Develop Personal Power / cDick Carlson aindia bD.B Traporevala c1937 axiii,28 p.; aYour Personality (Page-3), Your Life Plan (Page-33), Your Creative Powers (Page-57), Expressing yourself (Page-117), Analyzing Yourself (Page-153), Discovering your Job (Page-183), Charting Your Progress (Page-213).